A Text Book of Nursing/ (Record no. 196492)
[ view plain ]
| 000 -LEADER | |
|---|---|
| fixed length control field | 00644nam a22002057a 4500 |
| 005 - DATE AND TIME OF LATEST TRANSACTION | |
| control field | 20230920165830.0 |
| 010 ## - LCCN (DPL NO) | |
| LC control number | ENG-137271 |
| 020 ## - INTERNATIONAL STANDARD BOOK NUMBER | |
| International Standard Book Number | 9879390427284 |
| Terms of availability | 999.00 |
| 035 ## - SYSTEM CONTROL NUMBER | |
| System control number | EN-120803 |
| 037 ## - SOURCE OF ACQUISITION | |
| Source of stock number/acquisition | DBAD/PUB |
| 082 ## - DEWEY DECIMAL CLASSIFICATION NUMBER | |
| Classification number | 610.73 |
| 100 ## - MAIN ENTRY--PERSONAL NAME | |
| Personal name | Chinchpure, Supriya Baban |
| 245 ## - TITLE STATEMENT | |
| Title | A Text Book of Nursing/ |
| Statement of responsibility, etc | By Supriya Baban Chinchpure |
| Remainder of title | |
| 260 ## - PUBLICATION, DISTRIBUTION, ETC. (IMPRINT) | |
| Place of publication, distribution, etc | Andhra Pradesh |
| Date of publication, distribution, etc | 2023 |
| Name of publisher, distributor, etc | Vijayam Publications |
| 270 ## - ADDRESS | |
| Address | 14-7-13, Sambhamurty Road, Hanumanpet, |
| City | Vijayawada |
| Postal code | 520003 |
| 300 ## - PHYSICAL DESCRIPTION | |
| Extent | 20, Variable Pages |
| Dimensions | 28cm(pbk) |
| 600 ## - SUBJECT ADDED ENTRY--PERSONAL NAME | |
| Dates associated with a name | |
| 700 ## - ADDED ENTRY--PERSONAL NAME | |
| Personal name | S.Anuradha |
| 9 (RLIN) | 57185 |
| 942 ## - ADDED ENTRY ELEMENTS (KOHA) | |
| Source of classification or shelving scheme | Dewey Decimal Classification |
| Item type | English Books |
| Call number suffix | CHI |
| Classification part | 610.73 |
| Withdrawn status | Lost status | Not for loan | Collection code | Home library | Current library | Date acquired | Source of acquisition | Cost, normal purchase price | Full call number | Barcode | Copy number | Cost, replacement price | Koha item type |
|---|---|---|---|---|---|---|---|---|---|---|---|---|---|
| Non-fiction | D.B.Act.Division | Mobile Library | 05/07/2023 | DBAD/PUB | 999.00 | 610.73 CHI | EN-120803 | 1 | 999.00 | English Books |
